15 villes avec le plus de McDonald's dans le monde - Statistiques

Statistiques générales
  • Ce quiz a été pris 143 fois
  • Le résultat moyen est 8 sur 15
Statistiques - réponses
Nombres Réponse % Correct
220 New York
100%
170 Paris
97%
180 Los Angeles
90%
200 Londres
88%
180 Tokyo
74%
230 Chicago
72%
130 Mexico
68%
240 Moscou
55%
+ 100 Toronto
52%
150 Séoul
39%
150 Las Vegas
32%
110 Sidney
13%
+ de 250 Orlando
9%
120 Hambourg
6%
200 Beijing
2%
Aucun quiz correspondant
Distribution des résultats
% des personnes avec chaque résultat
Percentile par nombre de réponses
Votre historique - résultats
Vous n’avez pas pris ce quiz